000
00257nam a2200109Ia 4500
008
190919s9999||||xx |||||||||||||| ||und||
100
_a
Dossal,Zubeida A.
245
0
_a
Shahjanama
260
_a
Canada
_b
Tata McGraw Hill
_c
2003
300
_a
328
942
_c
BK
999
_c
11483
_d
11483